Jön Türkler ve Araplar : (Record no. 13167)

MARC details
000 -BAŞLIK
Sabit Uzunlukta Kontrol Alanı 01016nam a2200253 4500
999 ## - SİSTEM KONTROL NUMARALARI (KOHA)
Koha Biblionumber 13167
Koha Biblioitemnumber 13167
003 - KONTROL NUMARASI IDENTIFIER
Denetim Alanı MIRAKIL
005 - SON İŞLEM TARİHİ VE ZAMANI
Denetim Alanı 20190417143841.0
008 - SABİT-BOY VERİ ELEMANLARI - GENEL BİLGİLER
Sabit Uzunlukta Kontrol Alanı 190417b tu ||||| |||| 00| 0 tur d
020 ## - ULUSLARARASI STANDART KİTAP NUMARASI
Uluslararası Standart Kitap Numarası 9786052953303
040 ## - KATALOGLAMA KAYNAK
Orijinal Kataloglama Ajansı TR-AnCHP
Metne Dönüştürmek Ajansı TR-AnCHP
041 ## - DİL KODU
Metin / Ses Parça Veya Ayrı Başlığın Dil Kodu tur
082 ## - DEWEY ONLU SINIFLANDIRMA NUMARASI
Sınıflandırma Numarası 956.101543
Ürün Numarası K29j 2018
100 ## - ANA GİRİŞ - KİŞİSEL İSİM
Kişisel Ad Kayalı, Hasan
245 10 - BAŞLIK TABLOSU
Başlık Jön Türkler ve Araplar :
Başlığın Kalan Osmanlıcılık, erken Arap milliyetçiliği ve İslamcılık (1908-1918) /
Sorumluluk Tablosu, Vb Hasan Kayalı ; çeviren Türkan Yöney
260 ## - YAYIN, DAĞITIM, VB
Yayın, Dağıtım, Vb Yeri İstanbul :
Yayıncı, Dağıtıcı, Vs Adı Türkiye İş Bankası Kültür yayınları ;
Yayın, Dağıtım, Vb Tarihi 2018.
300 ## - FİZİKSEL TANIM
Kapsam xvı , 315 s. :
Diğer Fiziksel Ayrıntıları hrt. ;
Boyutlar 23 sm .
490 0# - SERİSİ TABLOSU
Seri Beyanı Türkiye İş Bankası Kültür yayınları
Hacim / Ardışık Tanımı Genel yayın : 4076
500 ## - GENEL NOT
Genel Not Özgün yapıt adı : Arabs and young Turks, Ottomanism, Arabism, and Islamism
504 ## - KAYNAKÇA VB NOT
Kaynakça Vb Notu Kaynakça ve dizin vardır.
650 #0 - KONU KATMA GİRİŞ - TOPİKAL DÖNEM
9 (RLIN) 5629
Topikal Süreli Veya Coğrafi Ad Giriş Elemanı Jöntürkler
Kronolojik Alt Bölümü 1908-1918
651 #0 - KONU KATMA GİRİŞ - COĞRAFİ ADI
9 (RLIN) 5416
Coğrafi İsim Türkiye
Genel Alt Bölümü Dış ilişkiler
-- Arap ülkeleri
Kronolojik Alt Bölümü 1908-1918
700 ## - KATMA GİRİŞ - KİŞİSEL İSİM
9 (RLIN) 5630
Kişisel Ad Yöney, Türkan
Relator Terim çev.
942 ## - EKLENDİ GİRİŞ ELEMANLARI (KOHA)
Sınıflandırma Veya Raf Düzeni Kaynak Dewey Decimal Classification
Koha Öğesi Türü Books
Holdings
Kalıcı Konum Mevcut Konum Edinme Tarihi Toplam Check-Out'Lar Tam Çağrı Numarası Barkod Tarih Son Görülme İtibaren Geçerli Fiyatlar Koha Öğesi Türü
CHP Kütüphanesi CHP Kütüphanesi 04/17/2019   956.101543 K29j 2018 019156 04/17/2019 04/17/2019 Books